LEADER 01432nam 2200361Ia 450 001 9910695868903321 005 20070517105801.0 035 $a(CKB)5470000002373100 035 $a(OCoLC)129600484 035 $a(EXLCZ)995470000002373100 100 $a20070517d2007 ua 0 101 0 $aeng 135 $aurbn||||||||| 181 $ctxt$2rdacontent 182 $cc$2rdamedia 183 $acr$2rdacarrier 200 10$aIssues that affect the readiness of the Army National Guard and Army Reserve$b[electronic resource] $eStatement of J. Michael Gilmore, assistant director for national security, before the Commission on the National Guard and Reserves 210 1$a[Washington, D.C.] :$cU.S. Congressional Budget Office,$d[2007] 215 $a10 pages $cdigital, PDF file 225 1 $aCBO testimony 300 $aTitle from title screen (viewed on May 16, 2007). 300 $a"May 16, 2007." 320 $aIncludes bibliographical references. 517 $aIssues that affect the readiness of the Army National Guard and Army Reserve 607 $aUnited States$xArmed Forces$xOperational readiness 700 $aGilmore$b J. Michael$01410777 712 02$aUnited States.$bCongressional Budget Office. 801 0$bGPO 801 1$bGPO 906 $aBOOK 912 $a9910695868903321 996 $aIssues that affect the readiness of the Army National Guard and Army Reserve$93531014 997 $aUNINA